000 00428nam a2200181Ia 4500
003 0STCL
008 150530s9999 xx 000 0 und d
040 _aSTCL
_cSTCL
100 _aLindsay, S.M.
245 _aIntroduction to Nanoscience
250 _a1
260 _bOxford University press; New York
_c2010
_aNew York
300 _a0
546 _aEnglish
942 _2ddc
_cBK
999 _c28709
_d28709
005 20220125170135.0